000 00595nam a22001817a 4500
005 20251108174637.0
008 250721s2009 xx 000 0 ara d
082 1 4 _a573/جرا
100 1 _aالجراد، محمد عايد
_eمؤلف
245 1 0 _aالسلوك البيولوجي /
264 1 _aاربد :
_bعالم الكتب الحديثة طباعة - نشر - توزيع،
_c2009.
300 _a197ص.
490 0 _aسلسلة السلوك الانساني
_v1
650 1 7 _aالسلوك الانساني
650 1 7 _aعلم الاحياا
942 _2ddc
_cBK
999 _c114315
_d114315